000
00286 a2200109 4500
001
ART_17531
005
20260410161750.0
008
260409a
245
1
0
_a
Predictably irrational
100
1
_a
Ariely, Dan
773
0
_t
Book Summary
_g
- NÂș 12 (ene. 2009)
_w
REV4099
999
_c
19589
_d
19589